Progress in analysis : Proceedings of the 3rd ISAAC Congress, Berlin, Germany, 20-25 August 2001

The biannual ISAAC congresses provide information about recent progress in the whole area of analysis including applications and computation. This book constitutes the proceedings of the third meeting.

Bewaard in:
Bibliografische gegevens
Formaat: Boek
Taal:Undetermined
Gepubliceerd in: River Edge, N.J. World Scientific 2003
Onderwerpen:
Tags: Voeg label toe
Geen labels, Wees de eerste die dit record labelt!
Thư viện lưu trữ: Trung tâm Học liệu Trường Đại học Cần Thơ
LEADER 00858nam a2200205Ia 4500
001 CTU_156273
008 210402s9999 xx 000 0 und d
020 |c 6895100 
082 |a 515 
082 |b P964 
245 0 |a Progress in analysis : 
245 0 |b Proceedings of the 3rd ISAAC Congress, Berlin, Germany, 20-25 August 2001 
245 0 |c edited by Heinrich G.W. Begehr, Robert Pertsch Gilbert, Man Wah Wong 
260 |a River Edge, N.J. 
260 |b World Scientific 
260 |c 2003 
520 |a The biannual ISAAC congresses provide information about recent progress in the whole area of analysis including applications and computation. This book constitutes the proceedings of the third meeting. 
650 |a Mathematical analysis,Mathematical physics 
904 |i Bạch Trúc 
980 |a Trung tâm Học liệu Trường Đại học Cần Thơ